Geography Quiz

Random Geography or City Quiz

Which Canadian Province or Territory? Quiz Stats

 Plays Quiz not verified by Sporcle

Challenge
Share
Tweet
Embed
Score 0/17 Timer 03:00
0 Plays Today
Question Answer Wrong Answers
Quebec City Quebec
100%
Ontario
0%
Newfoundland and Labrador
0%
Alberta
0%
Saskatoon Saskatchewan
97.2%
Prince Edward Island
0%
Yukon
0%
Alberta
0%
Niagara Falls Ontario
97.2%
Quebec
0%
Nova Scotia
0%
British Columbia
0%
Ottawa Ontario
97.2%
Quebec
0%
Manitoba
0%
Nunavut
0%
Montreal Quebec
97.2%
Alberta
0%
Nova Scotia
0%
New Brunswick
0%
CN Tower Ontario
94.4%
New Brunswick
0%
Manitoba
0%
British Columbia
5.6%
Klondike Yukon
94.4%
Ontario
0%
Northwest Territories
0%
Alberta
2.8%
Calgary Alberta
94.4%
Manitoba
2.8%
Saskatchewan
0%
Ontario
0%
Vancouver British Columbia
91.7%
Yukon
0%
Ontario
5.6%
Saskatchewan
0%
Parliament Hill Ontario
91.7%
British Columbia
0%
Quebec
8.3%
Northwest Territories
0%
Canadian Rockies British Columbia and Alberta
88.9%
Manitoba and Alberta
5.6%
British Columbia and Manitoba
2.8%
Manitoba and Saskatchewan
0%
Iqaluit Nunavut
86.1%
North West Territoritories
13.9%
Quebec
0%
Saskatchewan
0%
Whistler British Columbia
80.6%
Saskatchewan
2.8%
Nova Scotia
8.3%
Northwest Territories
5.6%
Bay of Fundy between New Brunswick and Nova Scotia
80.6%
between Vancouver and Vancouver Island
2.8%
between New Brunswick and Maine
2.8%
between Quebec and Newfoundland and Labrador
11.1%
Lake Louise Alberta
80.6%
Northwest Territories
2.8%
Newfoundland and Labrador
2.8%
Manitoba
11.1%
Stanley Park British Columbia
77.8%
Nova Scotia
2.8%
Ontario
13.9%
Northwest Territories
2.8%
Green Gables Heritage Place Prince Edward Island
75%
Yukon
0%
Nova Scotia
25%
Ontario
0%

You're not logged in!

Compare scores with friends on all Sporcle quizzes.
Join for Free
OR
Log In

You Might Also Like...

Show Comments

Extras

Top Quizzes Today


Score Distribution

Your Account Isn't Verified!

In order to create a playlist on Sporcle, you need to verify the email address you used during registration. Go to your Sporcle Settings to finish the process.

Report this User

Report this user for behavior that violates our Community Guidelines.

Details: